000
00299nam a22001337a 4500
008
170627b xxu||||| |||| 00| 0 eng d
020
_a
9780138249625
041
_a
eng
080
_2
3RD
_a
32
100
_a
21
101
_a
SHP
245
_a
SOVIET POLITICAL SOCIETY
_c
BARADAT,L.P
942
_2
udc
_c
BK
999
_c
19138
_d
19138